| 000 | 00823nam a2200241Ia 4500 | ||
|---|---|---|---|
| 003 | OSt | ||
| 005 | 20220923222547.0 | ||
| 006 | a|||||r|||| 00| 0 | ||
| 007 | ta | ||
| 008 | 220922b |||||||| |||| 00| 0 hin d | ||
| 024 | _a205,996 | ||
| 037 | _cTextual | ||
| 040 |
_aARTS _cARTS _bhin |
||
| 041 |
_2hin _ahin |
||
| 082 | _aP:(Y:1), 152M3(EPH) | ||
| 100 |
_aतिवारी, रामानन्द _9156292 |
||
| 245 | 0 | _aसास्ंकृतिक भाषा विज्ञान | |
| 246 | _aSāsankṛutik bhāṣhā vijnyāna | ||
| 260 |
_aराजस्थान _b भारती पुस्तक मंदिर _c1983 |
||
| 300 |
_a248पृ. _ccm. |
||
| 942 |
_hP:(Y:1), 152M3(EPH) _cTEXL _2CC |
||
| 999 |
_c356675 _d356675 |
||